| 000 | 01125nas a2200337 4500 | ||
|---|---|---|---|
| 001 | BR2021000141 | ||
| 003 | BR-BrBNA | ||
| 005 | 20231205132121.0 | ||
| 007 | ta | ||
| 008 | 230509b bl.|||p| |||| 00| 00por d | ||
| 040 |
_aBR-BrBNA _bpor _cBiblioteca Nacional de Agricultura |
||
| 041 | _a(En) | ||
| 072 | _aF30 | ||
| 100 | 1 | _aLeite, W. de S. | |
| 100 | 1 | _aPavan, B.E. | |
| 100 | 1 | _aAlcântara Neto, F. de | |
| 100 | 1 | _aMatos Filho, C.H.A. | |
| 100 | 1 | _aFeitosa, F.S. | |
| 100 | 1 | _aOliveira, C.B. de | |
| 245 | 1 | _aMultivariate exploratory approach and influence of six agronomic traits on soybean genotypes selection | |
| 650 | _aGLYCINE MAX | ||
| 650 | _aSOJA | ||
| 650 | _aMELHORAMENTO GENÉTICO VEGETAL | ||
| 650 | _aSELEÇÃO | ||
| 650 | _aPRODUTIVIDADE | ||
| 773 | 0 |
_tNativa. Pesquisas Agrárias e Ambientais (Brazil) _xISSN 2318-7670 _g(Jul-Aug 2016), v. 4(4) p. 206-210 _wBR2021000141 |
|
| 856 | 4 | 0 | _uhttps://periodicoscientificos.ufmt.br/ojs/index.php/nativa/article/view/3387/pdf |
| 856 | 4 | 0 | _dLink DSPACE/MAPA BR2021000141 |
| 909 |
_a202311 _bLúcia _c55 _dLúcia Elande |
||
| 942 |
_2AGRIS _n0 _cANA |
||
| 999 |
_c258560 _d258560 |
||